000 00652nam a2200265Ia 4500
005 20260324152558.0
008 008 260324s9999 xx 000 0 eng d
020 _a9780128048474
037 _aEBOOK
040 _aCRL
040 _beng
040 _cCRL
041 _2eng
041 _aeng
084 _qCRL
100 _aKanade, Pragnya
_91229175
245 2 _aA Guide to Filtration with String Wound Cartridges
260 _bElsevier
260 _c2016
650 _aChemical Engineering
856 _uhttps://www.sciencedirect.com/science/book/9780128048474
942 _cEBOOK
999 _c1839873
_d1839873